000 00343nam a2200145Ia 4500
008 230917s9999||||xx |||||||||||||| ||und||
040 _e32536
_aMAIN
041 _aEnglish
082 _a910.02 G17P
100 _aGardner, James S
245 0 _aPhysical geography
260 _aNew York
_bHarper & Row
_c1977
300 _a571 p.
942 _cBK
999 _c42170
_d42170